Southville International School and Colleges
Your cart is empty.
  • Cart
  • Lists
    Public lists Eva Luna New books Lux_list list_1
    Your lists Log in to create your own lists
  • Log in to your account
  • Your cookies
  • Search history
Southville International School and Colleges
  • Advanced search
  • Recent comments
  • Most popular
  • Libraries

Log in to your account

Log in with GOOGLE


If you do not have an external account, but do have a local account, you can still log in:

  1. Home
  2. MARC view: Home alone 3 /
Normal view MARC view ISBD view

Home alone 3 / (Record no. 1052)

[ view plain ]
MARC details
000 -LEADER
fixed length control field 01684cam a22003493a 4500
001 - CONTROL NUMBER
control field 16409396
003 - CONTROL NUMBER IDENTIFIER
control field OSt
005 - DATE AND TIME OF LATEST TRANSACTION
control field 20140310181654.0
008 - FIXED-LENGTH DATA ELEMENTS--GENERAL INFORMATION
fixed length control field 971205s1997 nyua j 000 0 eng d
010 ## - LIBRARY OF CONGRESS CONTROL NUMBER
LC control number 98815068
020 ## - INTERNATIONAL STANDARD BOOK NUMBER
International Standard Book Number 0590957120 (pbk.) :
Terms of availability $3.99
035 ## - SYSTEM CONTROL NUMBER
System control number (OCoLC)ocm38046062
040 ## - CATALOGING SOURCE
Original cataloging agency DMM
Transcribing agency DMM
Modifying agency OCL
-- DLC
050 00 - LIBRARY OF CONGRESS CALL NUMBER
Classification number PZ 7
Item number .ST897 1997
082 ## - DEWEY DECIMAL CLASSIFICATION NUMBER
Classification number KF
Item number St8h 1997
100 1# - MAIN ENTRY--PERSONAL NAME
Personal name Strasser, Todd.
9 (RLIN) 4377
245 10 - TITLE STATEMENT
Title Home alone 3 /
Statement of responsibility, etc Todd Strasser
246 30 - VARYING FORM OF TITLE
Title proper/short title Home alone three
260 ## - PUBLICATION, DISTRIBUTION, ETC. (IMPRINT)
Place of publication, distribution, etc New York :
Name of publisher, distributor, etc Scholastic,
Date of publication, distribution, etc c1997.
300 ## - PHYSICAL DESCRIPTION
Extent 141 p.
Other physical details col. ill. ;
Dimensions 20 cm.
500 ## - GENERAL NOTE
General note "Based on the motion picture screenplay written by John Hughes."
520 ## - SUMMARY, ETC.
Summary, etc Eight-year-old Alex Pruitt gets stuck at home with the chicken pox. There's nothing to do except play with his telescope, or mess around with the stupid toy car that his cranky neighbor gave him as payment for shoveling her driveway. Then Alex's mother is called to her office, leaving Alex home alone. That's when he looks through the telescope and sees burglars breaking into a neighbor's house! No one believes him, so when the burglars return, it's up to Alex to defend the neighborhood! Then he discovers a U. S. Air Force microchip in his toy car--and realizes that the burglars are really after him!
541 ## - IMMEDIATE SOURCE OF ACQUISITION NOTE
-- 1
562 ## - COPY AND VERSION IDENTIFICATION NOTE
Number of copies 1
650 #0 - SUBJECT ADDED ENTRY--TOPICAL TERM
Topical term or geographic name as entry element Burglary
Form subdivision Fiction.
9 (RLIN) 4381
650 #0 - SUBJECT ADDED ENTRY--TOPICAL TERM
Topical term or geographic name as entry element Self-defense
Form subdivision Fiction.
9 (RLIN) 4382
655 #7 - INDEX TERM--GENRE/FORM
Genre/form data or focus term Movie novels.
Source of term gsafd
9 (RLIN) 4383
700 1# - ADDED ENTRY--PERSONAL NAME
Personal name Hughes, John,
Dates associated with a name 1950 May 8-
9 (RLIN) 4384
710 2# - ADDED ENTRY--CORPORATE NAME
Corporate name or jurisdiction name as entry element Copyright Paperback Collection (Library of Congress)
Institution to which field applies DLC
9 (RLIN) 705
906 ## - LOCAL DATA ELEMENT F, LDF (RLIN)
a 7
b cbc
c copycat
d 2
e ncip
f 19
g y-genrareb
942 ## - ADDED ENTRY ELEMENTS (KOHA)
Source of classification or shelving scheme Library of Congress Classification
Koha item type
Call number prefix
Holdings
Withdrawn status Lost status Source of classification or shelving scheme Damaged status Home library Current library Shelving location Date acquired Total Checkouts Full call number Barcode Date last seen Copy number Price effective from Koha item type
    Library of Congress Classification   Luxembourg Library Luxembourg Library Kids Fiction Section 04/13/2012   PZ 7 .St897 1997 7959 05/27/2015 1 10/03/2013 Books

Home alone 3 /

APA

Strasser T., Hughes J. & Copyright Paperback Collection (Library of Congress). (1997). Home alone 3. New York: Scholastic.

Chicago

Strasser Todd, Hughes John and Copyright Paperback Collection (Library of Congress). 1997. Home alone 3. New York: Scholastic.

Harvard

Strasser T., Hughes J. and Copyright Paperback Collection (Library of Congress). (1997). Home alone 3. New York: Scholastic.

MLA

Strasser Todd, Hughes John and Copyright Paperback Collection (Library of Congress). Home alone 3. New York: Scholastic. 1997.

  • Place hold
  • Print
  • Cite
  • Add to your cart (remove)
  • Save record
    BIBTEX Dublin Core MARCXML MARC (non-Unicode/MARC-8) MARC (Unicode/UTF-8) MARC (Unicode/UTF-8, Standard) MODS (XML) RIS
  • More searches
    Search for this title in:
    Other Libraries (WorldCat) Other Databases (Google Scholar) Online Stores (Bookfinder.com) Open Library (openlibrary.org)

Exporting to Dublin Core...

SOUTHVILLE LIBRARY

Southville International School and Colleges Library

1281 Tropical Ave. Cor. Luxembourg St., BF Homes International, Las Pinas City

Tel. No. 8256374 / 252358 Loc. 117/146

Powered by Koha